| 000 | 00569nam a2200241 a 4500 | ||
|---|---|---|---|
| 001 | 0001-1342 | ||
| 003 | ELIB.Books | ||
| 008 | 150831 2010 eng | ||
| 020 | _a1562924575 | ||
| 035 | _a(ELIB.Books)0001-1497 | ||
| 092 |
_a242 _bCro |
||
| 100 | _aCrouch, Van. | ||
| 245 | _aWinning 101 | ||
| 260 |
_aTulsa _bHonor Books _c1998 |
||
| 300 |
_a311 _c18.5 Cm |
||
| 500 | _aDr. Min Oo | ||
| 650 | _aDevotional | ||
| 856 |
_nKBTS: Library _uKBTS: Elib |
||
| 942 |
_2ddc _cBK |
||
| 990 | _a1 | ||
| 998 |
_cbat _e2015-08-31 |
||
| 999 |
_c11342 _d11342 |
||